Music Quiz

Random Music or Artist Quiz

One-Second Clip Quiz Stats

 Plays Quiz Updated Aug 11, 2016

Challenge
Share
Tweet
Score 0/24 Timer 05:00
2 Plays Today
Time Song % Correct
:10Beautiful Day
71.9%
:00Jailhouse Rock
64.3%
1:10Free Fallin'
56.3%
:35Don't You (Forget About Me)
54.5%
1:15Bad Moon Rising
44.2%
1:30Just a Girl
42.9%
1:45Should I Stay or Should I Go
42.7%
:55Purple Haze
42.3%
:20Turn! Turn! Turn! (to Everything There Is a Season)
39.8%
:25Sabotage
38.4%
1:00Johnny B. Goode
38.3%
:15Night Fever
32%
Time Song % Correct
:50Lovefool
30.1%
1:20Here It Goes Again
24.7%
1:05No One Knows
24.1%
:45You Can't Hurry Love
23.5%
1:25Band on the Run
22%
:40Upside Down
21.8%
:30Come Fly with Me
18.7%
1:50Only Wanna Be with You
17.7%
:05Vacation
17.2%
1:40You Are the Sunshine of My Life
15.1%
1:55Why Do Fools Fall in Love
8.3%
1:35Sara Smile
7.8%

You're not logged in!

Compare scores with friends on all Sporcle quizzes.
Join for Free
OR
Log In

You Might Also Like...

Show Comments

Extras

Top Quizzes Today


Score Distribution

Your Account Isn't Verified!

In order to create a playlist on Sporcle, you need to verify the email address you used during registration. Go to your Sporcle Settings to finish the process.

Report this User

Report this user for behavior that violates our Community Guidelines.

Details: